Rebecca's tale (Record no. 5035)

000 -LEADER
fixed length control field 00422 a2200145 4500
020 ## - INTERNATIONAL STANDARD BOOK NUMBER
International Standard Book Number 0751532282
040 ## - CATALOGING SOURCE
Original cataloging agency DLC
Language of cataloging DLC
082 ## - DEWEY DECIMAL CLASSIFICATION NUMBER
Classification number 823.914
100 1# - MAIN ENTRY--PERSONAL NAME
Personal name Beauman, Sally.
245 10 - TITLE STATEMENT
Title Rebecca's tale
Statement of responsibility, etc. Sally Beauman.
260 ## - PUBLICATION, DISTRIBUTION, ETC.
Place of publication, distribution, etc. London :
Name of publisher, distributor, etc. Time Warner Paperbacks,
Date of publication, distribution, etc. c2002.
300 ## - PHYSICAL DESCRIPTION
Extent 627 p.
500 ## - GENERAL NOTE
General note 'Passionate, vivid, elusive ... as compelling as the original' - Joanna Trollope.
942 ## - ADDED ENTRY ELEMENTS (KOHA)
Koha item type Book
Call number prefix 823.914 BEA
Source of classification or shelving scheme
Holdings
Withdrawn status Lost status Damaged status Not for loan Collection code Permanent Location Current Location Shelving location Date acquired Source of acquisition Cost, normal purchase price Total Checkouts Full call number Barcode Checked out Date last seen Date last checked out Price effective from Koha item type
          Central Library (CL) Central Library (CL) Fiction 06/04/2005 Academic Book Company 472.50 3 823.914 BEA SEECS005837 10/04/2018 10/04/2018 10/04/2018 01/05/2017 Book
© 2023 Central Library, National University of Sciences and Technology. All Rights Reserved.